<?xml version="1.0" encoding="UTF-8"?>
<marc:record xmlns:marc="http://www.loc.gov/MARC21/slim">
   <marc:leader>00000nam a2200000 a 4500</marc:leader>
   <marc:datafield ind1="1" ind2=" " tag="100">
      <marc:subfield code="a">Farrow, Lynne</marc:subfield>
      <marc:subfield code="4">aut</marc:subfield>
      <marc:subfield code="e">Verfasser/-in</marc:subfield>
   </marc:datafield>
   <marc:datafield ind1=" " ind2=" " tag="653">
      <marc:subfield code="a">Iodmangel</marc:subfield>
   </marc:datafield>
   <marc:datafield ind1=" " ind2=" " tag="653">
      <marc:subfield code="a">Iod</marc:subfield>
   </marc:datafield>
   <marc:datafield ind1=" " ind2=" " tag="653">
      <marc:subfield code="a">Alternative Medizin</marc:subfield>
   </marc:datafield>
   <marc:datafield ind1=" " ind2=" " tag="653">
      <marc:subfield code="a">Softcover / Ratgeber/Gesundheit</marc:subfield>
   </marc:datafield>
   <marc:datafield ind1="0" ind2="0" tag="245">
      <marc:subfield code="a">Die Jodkrise</marc:subfield>
   </marc:datafield>
   <marc:datafield ind1="0" ind2="0" tag="245">
      <marc:subfield code="b">wie das neue Wissen über ein uraltes Heilmittel Ihr Leben retten kann</marc:subfield>
   </marc:datafield>
   <marc:datafield ind1="0" ind2="0" tag="245">
      <marc:subfield code="c">Lynne Farrow ; Übersetzung: Alexandra Kühn, Markus Lebmann</marc:subfield>
   </marc:datafield>
   <marc:datafield ind1=" " ind2="1" tag="264">
      <marc:subfield code="a">Immenstadt</marc:subfield>
      <marc:subfield code="b">Mobiwell Verlag</marc:subfield>
      <marc:subfield code="c">2015</marc:subfield>
   </marc:datafield>
   <marc:datafield ind1=" " ind2=" " tag="250">
      <marc:subfield code="a">Deutsche Erstausgabe</marc:subfield>
   </marc:datafield>
   <marc:datafield ind1="1" ind2=" " tag="520">
      <marc:subfield code="a">Angaben aus der Verlagsmeldung

Die Jodkrise : Wie das neue Wissen über ein uraltes Heilmittel Ihr Leben retten kann / von Lynne Farrow

Wer hat das Jod gestohlen?
Wer ist für den Schwindel mit jodiertem Salz verantwortlich?
Wer hat behauptet, dass Jod giftig sei?
Sie waren es. Wer sind „sie“? Die Regierung. Falsch informierte Gesundheitsexperten. Die Nahrungsmittelindustrie. Produzenten von Haushaltsgeräten. Hersteller von Körperpflegeprodukten. Pestizidfabrikanten – um nur einige zu nennen. Sie haben das Spurenelement Jod gestohlen, und während Sie diese Zeilen lesen, wird auch an Ihrem Körper Raubbau betrieben.
Jod …
könnte vielen kranken Menschen helfen …
nur wissen sie das nicht …

Ist Ihnen ständig kalt? Probieren Sie eine Diät nach der anderen aus? Erhöht sich Ihr Körpergewicht kontinuierlich? Können Sie einfach nicht abnehmen – auch dann nicht, wenn Sie Ihre Kalorienaufnahme radikal einschränken? Fühlt sich Ihr Gehirn manchmal „vernebelt“ an?
Sie halten die Lösung in Händen: Die Nahrungsergänzung mit Jod kann viele Krankheiten aufhalten und sogar heilen. Jod ist ein Heilmittel, das sich seit 15.000 Jahren bewährt hat!
• Es ist allgemein bekannt, dass bestimmte Umweltgifte Krebs auslösen können. Dass diese Toxine auch krank, dick und dumm machen, ist weniger geläufig. Die Jodkrise setzte ein, als die Verwendung von Brom während der letzten 30 Jahre nie dagewesene Ausmaße erreichte. Bromverbindungen entziehen dem Körper das lebenswichtige Jod.
• Wo lauern die Bromverbindungen? Sie kommen überall vor: in Flammschutzmitteln, Pestiziden, Medikamenten, Körperpflegeprodukten und – in manchen Ländern – sogar in Limonaden, Mehl und anderen Lebensmitteln.
• Gibt es eine Methode, um die Nahrung mit Jod zu ergänzen? Die Jodkrise zeigt einen Weg auf, der seit 2005 erfolgreich beschritten wird.
• Sind Sie der Meinung, dass Sie ausreichend mit Jod versorgt sind, wenn Sie Jodsalz zu sich nehmen? Sind Sie wirklich sicher, dass das der Fall ist? Das Jod im jodierten Salz beginnt sich zu verflüchtigen, sobald die Verpackung geöffnet ist und verschwindet mit der Zeit restlos, weshalb die von offiziellen Stellen empfohlene Tagesdosis unrealistisch ist.
Lynne Farrow schildert, wie sie selbst und tausende anderer Aktivisten aus der Patientenbewegung durch die Erforschung und Verwendung des Spurenelements ihr Leben zum Positiven verändern konnten. Die zahlreichen Erfahrungsberichte, in denen uns Patienten und Genesende an ihren persönlichen Geschichten teilhaben lassen, dokumentieren die Wirksamkeit von Jod.
</marc:subfield>
   </marc:datafield>
   <marc:datafield ind1=" " ind2=" " tag="020">
      <marc:subfield code="a">9783944887180</marc:subfield>
      <marc:subfield code="9">9783944887180</marc:subfield>
   </marc:datafield>
   <marc:datafield ind1=" " ind2=" " tag="041">
      <marc:subfield code="a">ger</marc:subfield>
   </marc:datafield>
   <marc:datafield ind1=" " ind2=" " tag="300">
      <marc:subfield code="a">275 Seiten</marc:subfield>
   </marc:datafield>
</marc:record>
